000 00643nam a2200229Ia 4500
003 OSt
005 20221005131654.0
006 a|||||r|||| 00| 0
007 ta
008 221004b |||||||| |||| 00| 0 eng d
024 _a66502
037 _cTextual
040 _aCRL
_cCRL
_beng
041 _2eng
_aeng
082 _aV73:2-3:N5, K1
100 _aOdegard Peter H.
_9118656
245 0 _aStructure and functions of American government
_b First semester study guide
260 _c1961
650 _aUNITED STATES - HISTORY
_931585
942 _hV73:2-3:N5, K1
_cTEXL
_2cc
999 _c1061070
_d1061070